Țări cu imagine parțială prin satelit #2 - Statistics

General Stats
  • This quiz has been taken 2 times
  • The average score is 12 of 15
Answer Stats
Picture Answer % Correct
Brazil
100%
Maroc
100%
Mexic
100%
Noua Zeelandă
100%
Papua Noua Guinee
100%
Spania
100%
Sri Lanka
100%
Statele Unite
100%
Suedia
100%
Venezuela
100%
Vietnam
100%
Africa de Sud
50%
Japonia
50%
Danemarca
0%
Regatul Unit
0%
No matching quizzes found
Score Distribution
Percent of People with Each Score
Percentile by Number Answered
Your Score History
You have not taken this quiz